Những món ăn Việt Nam : (Song ngữ Anh - Việt)
Đã lưu trong:
| Tác giả chính: | |
|---|---|
| Định dạng: | Sách |
| Ngôn ngữ: | Undetermined |
| Được phát hành: |
Cà Mau
Mũi Cà Mau
2004
|
| Những chủ đề: | |
| Các nhãn: |
Thêm thẻ
Không có thẻ, Là người đầu tiên thẻ bản ghi này!
|
| Thư viện lưu trữ: | Trung tâm Học liệu Trường Đại học Cần Thơ |
|---|
| LEADER | 00563nam a2200205Ia 4500 | ||
|---|---|---|---|
| 001 | CTU_60393 | ||
| 008 | 210402s9999 xx 000 0 und d | ||
| 020 | |b 39000 | ||
| 082 | |a 641.5 | ||
| 082 | |b T120 | ||
| 100 | |a Nguyễn, Thu Tâm | ||
| 245 | 0 | |a Những món ăn Việt Nam : | |
| 245 | 0 | |b (Song ngữ Anh - Việt) | |
| 245 | 0 | |c Nguyễn Thu Tâm | |
| 260 | |a Cà Mau | ||
| 260 | |b Mũi Cà Mau | ||
| 260 | |c 2004 | ||
| 650 | |a Cookery, vietnamese | ||
| 904 | |i Minh, Năm | ||
| 980 | |a Trung tâm Học liệu Trường Đại học Cần Thơ | ||